00317nam a2200109Ia 4500008004100000082001500041100001500056245001800071942000600089952009700095999001500192240331s9999 xx 000 0 und d a303.6bVIC aVickers, J 0aWomen and war cL 001040708LaWERCLbWERCLcSSCd2024-03-31l0o 303.6 VICp3264r2024-03-31w2024-03-31yL c1292d1292